000 01124cam a2200337 i 4500
001 2770495
003 OSt
005 20260427150636.0
008 810821s1978 ke a b 001 0 eng
010 _a 79980097
035 _a2770495
040 _aDLC
_cDLC
_dDLC
043 _af-tz---
050 0 0 _aHN797.B9
_bJ44
082 0 0 _a303.467 8 JEL
_219
100 1 _aJellicoe, Marguerite.
245 1 4 _aThe long path :
_ba case study of social change in Wahi, Singida District, Tanzania /
_cMarguerite Jellicoe.
260 _aNairobi, Kenya :
_bEast African Pub. House,
_c1978.
300 _axxx, 382 p., [2] fold. leaves :
_bill. ;
_c22 cm.
336 _atext
_btxt
_2rdacontent
337 _aunmediated
_bn
_2rdamedia
338 _avolume
_bnc
_2rdacarrier
500 _aIncludes index.
504 _aBibliography: p. 375-377.
650 0 _aCommunity development
_zTanzania
_zBwayi.
650 0 _aSocial change
_xCase studies.
651 0 _aBwayi (Tanzania)
_xSocial conditions.
906 _a7
_bcbc
_corignew
_d4
_encip
_f19
_gy-gencatlg
942 _2ddc
_cBOOKS
999 _c9381
_d9381